| 000 | 00962 a2200229 4500 | ||
|---|---|---|---|
| 003 | Nust | ||
| 005 | 20221031123007.0 | ||
| 010 | _a 99016982 | ||
| 020 | _a0750671033 (alk. paper) | ||
| 040 | _cNust | ||
| 082 | 0 | 0 | _a621.31913,PAT |
| 100 | 1 |
_aPatrick, Dale R. _999931 |
|
| 245 | 1 | 0 |
_aUnderstanding AC circuits / _cDale R. Patrick and Stephen W. Fardo. |
| 260 |
_aBoston : _bNewnes, _cc2000. |
||
| 300 |
_axiii, 172 p. : _bill. ; _c28 cm. |
||
| 505 | _aBasics of Alternating Current (Page-1), Measuring AC (Page-15), Resistance, Inductance and Capacitance in AC Circuits (Page-51), Transformers (Page-103), Frequency Sensitive AC Circuits (Page-115), | ||
| 650 | 0 |
_aElectric circuits _xAlternating current. _9101583 |
|
| 700 | 1 |
_aFardo, Stephen W. _9101952 |
|
| 856 | 4 | 1 |
_3Publisher description _uhttp://www.loc.gov/catdir/description/els033/99016982.html |
| 856 | 4 | 1 |
_3Table of contents _uhttp://www.loc.gov/catdir/toc/els033/99016982.html |
| 942 |
_2ddc _cBK |
||
| 999 |
_c180135 _d180135 |
||